书目信息 |
| 题名: |
职务犯罪疑难问题解析
|
|
| 作者: | 《职务犯罪疑难问题解析》编写组 编写 | |
| 分册: | ||
| 出版信息: | 北京 中国方正出版社 2020.02 |
|
| 页数: | 255页 | |
| 开本: | 20cm | |
| 丛书名: | ||
| 单 册: | ||
| 中图分类: | D924.304 | |
| 科图分类: | ||
| 主题词: | 法律--中国 | |
| 电子资源: | ||
| ISBN: | 7-5174-0782-1 | |
| 000 | 00741nam0 2200205 450 | |
| 001 | 2561280316 | |
| 005 | 20251215170637.77 | |
| 010 | @a7-5174-0782-1@dCNY25.00 | |
| 100 | @a20251215d2020 km y0chiy0120 ea | |
| 101 | 0 | @achi |
| 102 | @aCN@b110000 | |
| 102 | @aCN | |
| 200 | 1 | @a职务犯罪疑难问题解析@AZhi Wu Fan Zui Yi Nan Wen Ti Jie Xi@f《职务犯罪疑难问题解析》编写组编写@F《Zhi Wu Fan Zui Yi Nan Wen Ti Jie Xi》Bian Xie Zu Bian Xie |
| 210 | @a北京@c中国方正出版社@d2020.02 | |
| 215 | @a255页@d20cm | |
| 606 | 0 | @a法律@x中国 |
| 690 | @aD924.304@v4 | |
| 701 | 0 | @a《职务犯罪疑难问题解析》编写组@A《Zhi Wu Fan Zui Yi Nan Wen Ti Jie Xi》Bian Xie Zu@4编写 |
| 801 | 0 | @aCN@b大连网信软件有限公司图书馆·11@c20251215 |
| 905 | @aZUCC@dD924.304@e1049 | |
| 职务犯罪疑难问题解析/《职务犯罪疑难问题解析》编写组编写.-北京:中国方正出版社,2020.02 |
| 255页;20cm |
| ISBN 7-5174-0782-1:CNY25.00 |
| ● |
| 相关链接 |
|
|
|
|
正题名:职务犯罪疑难问题解析
索取号:D924.304/1049
 
预约/预借
| 序号 | 登录号 | 条形码 | 馆藏地/架位号 | 状态 | 备注 |
| 1 | 1442069 | 214420697 | 第一样本阅览室/ [索取号:D924.304/1049] | 在馆 | |
| 2 | 1442070 | 214420704 | 第一借阅区/ [索取号:D924.304/1049] | 在馆 |